The myth of constitutionalism in Pakistan / (Record no. 184866)
[ view plain ]
| 000 -LEADER | |
|---|---|
| fixed length control field | 01168 a2200205 4500 |
| 003 - CONTROL NUMBER IDENTIFIER | |
| control field | NUST |
| 005 - DATE AND TIME OF LATEST TRANSACTION | |
| control field | 20221219170814.0 |
| 010 ## - LIBRARY OF CONGRESS CONTROL NUMBER | |
| LC control number | 96127940 |
| 020 ## - INTERNATIONAL STANDARD BOOK NUMBER | |
| International Standard Book Number | 0195775724 |
| 040 ## - CATALOGING SOURCE | |
| Transcribing agency | Nust |
| 082 00 - DEWEY DECIMAL CLASSIFICATION NUMBER | |
| Classification number | 342.95791,MAL |
| 100 1# - MAIN ENTRY--PERSONAL NAME | |
| Personal name | Maluka, Zulfikar Khalid, |
| 9 (RLIN) | 105229 |
| 245 14 - TITLE STATEMENT | |
| Title | The myth of constitutionalism in Pakistan / |
| Statement of responsibility, etc. | Zulfikar Khalid Maluka. |
| 260 ## - PUBLICATION, DISTRIBUTION, ETC. | |
| Place of publication, distribution, etc. | Karachi ; |
| Name of publisher, distributor, etc. | New York : |
| -- | Oxford University Press, |
| Date of publication, distribution, etc. | 1995. |
| 300 ## - PHYSICAL DESCRIPTION | |
| Extent | xii, 362 p. ; |
| Dimensions | 23 cm. |
| 505 ## - FORMATTED CONTENTS NOTE | |
| Formatted contents note | Introduction (Page-)1, Mainsprings Of Political Constitutionalism (Page-18), The Modern State And Constitutionalism (Page-43), Constitutional Imperative Of The Pakistan Movement (Page-82), Pakistan 1947-1958 (Page-118), Ayub Khan’s Authoritarianism 1958-1969(Page-170), Making Of The 1973 Constitution (Page-230), Zia Mutilates The 1973 Constitution (Page-255), Ghulam Ishaq Khan Subverts The Constitution (Page-277), Foundations Of A Successful Federation (Page-299), Pakistan 1947-1995 (Page-316). |
| 650 #0 - SUBJECT ADDED ENTRY--TOPICAL TERM | |
| Topical term or geographic name entry element | Constitutional history |
| Geographic subdivision | Pakistan. |
| 9 (RLIN) | 46331 |
| 856 42 - ELECTRONIC LOCATION AND ACCESS | |
| Materials specified | Publisher description |
| Uniform Resource Identifier | <a href="http://www.loc.gov/catdir/enhancements/fy0635/96127940-d.html">http://www.loc.gov/catdir/enhancements/fy0635/96127940-d.html</a> |
| 942 ## - ADDED ENTRY ELEMENTS (KOHA) | |
| Source of classification or shelving scheme | |
| Koha item type | Book |
| Call number prefix | 342.95791,MAL |
| Withdrawn status | Lost status | Source of classification or shelving scheme | Damaged status | Not for loan | Permanent Location | Current Location | Shelving location | Date acquired | Full call number | Barcode | Date last seen | Price effective from | Koha item type | Public note |
|---|---|---|---|---|---|---|---|---|---|---|---|---|---|---|
| Military College of Signals (MCS) | Military College of Signals (MCS) | General Stacks | 12/12/2016 | 342.95791,MAL | MCS26786 | 12/08/2016 | 12/12/2016 | Book | Almirah No.50, Shelf No.6 |
